000 00429nam a2200181Ia 4500
005 20240823050707.0
008 240823s9999||||xx |||||||||||||| ||und||
041 _aENGLISH
082 _A420 M5
100 _aDey A K
245 2 _aA Hand book of English Essays and Composition
250 _a1st
260 _c1985
_b"S Chand,New Delhi"
500 _aTransfered
650 _aENG
_bEnglish
942 _cBK
999 _c217843
_d217843